Statistiques concernant Villes avec le plus de clubs professionnels de football

Cliquez ici pour prendre le quiz!

Statistiques générales

  • Ce quiz a été pris 193 fois
  • Le résultat moyen est 6 sur 13

Statistiques - réponses

Nombre de clubsVille% Correct
12Londres
99%
5Madrid
92%
5Moscou
60%
4Rio de Janeiro
56%
7Buenos Aires
55%
3Lisbonne
51%
3Sao Paulo
51%
5Istanbul
49%
3Mexico
39%
5Athènes
36%
6Prague
18%
8Le Caire
16%
7Doha
8%

Distribution des résultats

Percentile par nombre de réponses

% des personnes avec chaque résultat

Votre développement - résultats

Vous n’avez pas pris ce quiz